<?xml version="1.0" encoding="UTF-8"?>
<record
    xmlns:xsi="http://www.w3.org/2001/XMLSchema-instance"
    xsi:schemaLocation="http://www.loc.gov/MARC21/slim http://www.loc.gov/standards/marcxml/schema/MARC21slim.xsd"
    xmlns="http://www.loc.gov/MARC21/slim">

  <leader>00412    a2200145   4500</leader>
  <controlfield tag="003">OSt</controlfield>
  <controlfield tag="005">20240905151350.0</controlfield>
  <controlfield tag="008">240131b        |||||||| |||| 00| 0 eng d</controlfield>
  <datafield tag="040" ind1=" " ind2=" ">
    <subfield code="c">oclc</subfield>
  </datafield>
  <datafield tag="082" ind1=" " ind2=" ">
    <subfield code="a">297.122</subfield>
  </datafield>
  <datafield tag="100" ind1=" " ind2=" ">
    <subfield code="a">Kathir,Ibn</subfield>
    <subfield code="9">10515</subfield>
  </datafield>
  <datafield tag="245" ind1=" " ind2=" ">
    <subfield code="a">TAFSIR AL QURAN AL ADHEEM / IBN KATHIR VOL-4</subfield>
    <subfield code="c">Ibn Kathir</subfield>
  </datafield>
  <datafield tag="300" ind1=" " ind2=" ">
    <subfield code="a">752p. ;</subfield>
  </datafield>
  <datafield tag="942" ind1=" " ind2=" ">
    <subfield code="2">ddc</subfield>
    <subfield code="c">BK</subfield>
    <subfield code="h">297.122</subfield>
    <subfield code="k">297.122</subfield>
    <subfield code="i">KAT/T</subfield>
    <subfield code="m">KAT/T</subfield>
  </datafield>
  <datafield tag="952" ind1=" " ind2=" ">
    <subfield code="0">0</subfield>
    <subfield code="1">0</subfield>
    <subfield code="2">ddc</subfield>
    <subfield code="4">0</subfield>
    <subfield code="7">0</subfield>
    <subfield code="8">QUR'AN</subfield>
    <subfield code="a">MES</subfield>
    <subfield code="b">MES</subfield>
    <subfield code="c">ARB</subfield>
    <subfield code="d">2024-01-31</subfield>
    <subfield code="l">0</subfield>
    <subfield code="o">297.122 KAT/T</subfield>
    <subfield code="p">45024</subfield>
    <subfield code="r">2024-01-31 12:16:08</subfield>
    <subfield code="w">2024-01-31</subfield>
    <subfield code="y">REF</subfield>
    <subfield code="z">U14R2</subfield>
  </datafield>
  <datafield tag="999" ind1=" " ind2=" ">
    <subfield code="c">43362</subfield>
    <subfield code="d">43362</subfield>
  </datafield>
</record>
